| 000 | 00943nam a2200205Ia 4500 | ||
|---|---|---|---|
| 999 |
_c8937 _d8937 |
||
| 005 | 20230821150652.0 | ||
| 008 | 230814s9999 xx 000 0 und d | ||
| 020 | _a9686037241 | ||
| 040 |
_aUPAN _cBiblioteca San Vicente _eRCAA2 |
||
| 041 | _aspa | ||
| 082 |
_a659.45 _bI59d _c1996 |
||
| 110 | _aComite ejecutivo de normas de auditorias | ||
| 245 | 0 |
_aDeclaraciones sobre normas de auditoria (Tomo ll)/ _bComite ejecutivo de normas de auditorias |
|
| 250 | _a4° reim. | ||
| 260 |
_aMexico: _bIMCP, _c1998 |
||
| 300 |
_a318 p.; _c22 cm. |
||
| 505 | _a1. Introducción 2. Dictamen estándar del auditor 3. Circunstancia que originan apartarse del dictamen estándar del auditor 4. Opinión sin salvedades 5. Opinión con salvedades 6. Opinión adversa 7. Abstención de opinión 8. Opinión parcial 9. Dictamen sobre estados comparativos 10. Fecha en que entra en vigor | ||
| 650 |
_2LEMB _aNormas _xAuditoria |
||
| 942 |
_cBK _2ddc |
||